Advances in protein chemistry: T7

Uloženo v:
Podrobná bibliografie
Médium: Kniha
Jazyk:Undetermined
Vydáno: New York Academic 1952
Témata:
Tagy: Přidat tag
Žádné tagy, Buďte první, kdo otaguje tento záznam!
Thư viện lưu trữ: Trung tâm Học liệu Trường Đại học Cần Thơ
LEADER 00428nam a2200157Ia 4500
001 CTU_19268
008 210402s9999 xx 000 0 und d
082 |a 547.75 
082 |b A244/T7 
245 0 |a Advances in protein chemistry: T7 
260 |a New York 
260 |b Academic 
260 |c 1952 
650 |a proteins 
904 |i Nguyễn Quang Điền, 960601 
980 |a Trung tâm Học liệu Trường Đại học Cần Thơ